| 000 | 00927nam a2200265 a 4500 | ||
|---|---|---|---|
| 001 | BRCA_7852 | ||
| 005 | 20190320210026.0 | ||
| 008 | 071113s1964----u--a######---#000-0#eng-# | ||
| 041 | _aeng | ||
| 044 | _au | ||
| 050 | 4 |
_aNB804 _b.G66 1964 |
|
| 100 | 1 |
_aGómez Moreno, Manuel _919434 |
|
| 245 | 1 | 0 |
_aThe golden age of spanish sculpture _cManuel Gómez Moreno ; notes on the plates by María Elena Gómez Moreno ; photographs by F. L. Kenett and Paul Pietzsch. |
| 260 |
_aGreenwich, Connecticut _bNew York Graphic Society _cc1964 |
||
| 300 |
_a64 p. _bil. (algunas a color), 101 láminas _c34 cm. |
||
| 440 | 0 |
_aThe Great masters of the past _v12 _919435 |
|
| 500 | _aY76 | ||
| 650 | 1 | 4 |
_aEscultura española _97921 |
| 650 | 1 | 4 |
_aEscultura _xHistoria _93347 |
| 700 | 1 |
_aGómez Moreno, María Elena _917897 |
|
| 700 | 1 |
_aKenett, F. L. _eil. _919436 |
|
| 700 | 1 |
_aPietzsch, Paul _eil. _919437 |
|
| 902 | _aGFM | ||
| 942 |
_2lcc _cB |
||
| 999 |
_c7526 _d7526 |
||